|
|
|
|
| LEADER |
01157nam a2200361 a 4500 |
| 001 |
000041358 |
| 003 |
12494 |
| 005 |
20190906142402.0 |
| 008 |
171030s1987 |
| 020 |
|
|
|a 2760118533
|
| 040 |
|
|
|a LNN
|
| 041 |
0 |
|
|a fre
|
| 082 |
1 |
4 |
|a 440
|b CA-E
|
| 100 |
1 |
|
|a Caban, Edvige.
|
| 245 |
0 |
0 |
|a Circuit 1 :
|b Guide pédagogique /
|c Edvige Caban, Lynda Labrecque, Franca Persechino.
|
| 260 |
|
|
|a Montréal :
|b Guérin,
|c 1987.
|
| 300 |
|
|
|a 329p. ;
|c 28cm.
|
| 630 |
0 |
4 |
|a Langue française.
|
| 630 |
0 |
4 |
|a Français commerciale.
|
| 630 |
0 |
4 |
|a Correspondance.
|
| 630 |
0 |
4 |
|a Communication commerciales.
|
| 650 |
0 |
4 |
|a Langue française.
|
| 700 |
1 |
|
|a Labrecque, Lynda.
|
| 700 |
1 |
|
|a Persechino, Franca.
|
| OWN |
|
|
|a LNN
|
| AVA |
|
|
|a UDN50
|b LNN
|c English
|d 440 CA-E
|e available
|t Error 5001 Not defined in file expand_doc_bib_avail.
|f 1
|g 0
|h N
|i 0
|j AN
|k 1
|
| 999 |
|
|
|a From the UDN01
|
| AVA |
|
|
|a UDN50
|b LNN
|c English
|d 440 CA-E
|e available
|t Error 5001 Not defined in file expand_doc_bib_avail.
|f 1
|g 0
|h N
|i 0
|j AN
|k 1
|
| TYP |
|
|
|a Monograph
|
| TYP |
|
|
|a Printed language
|
| 980 |
|
|
|a Mạng thư viện Đại học Đà Nẵng
|